Central-Library-PUMHS

Online Public Access Catalogue

Welcome to PUMHS Central Library Nawabshah, SBA

Neuromusculoskeletal Examination and Assessment a Handbook For Therapists (Record no. 37856)

000 -LEADER
fixed length control field 00337nam a22001337a 4500
082 ## - DEWEY DECIMAL CLASSIFICATION NUMBER
Classification number 615.82 PET
100 ## - MAIN ENTRY--AUTHOR NAME
Personal name Petty Nicola J , Ann P Moore
245 ## - TITLE STATEMENT
Title Neuromusculoskeletal Examination and Assessment a Handbook For Therapists
250 ## - EDITION STATEMENT
Edition statement 23-24 Edition
260 ## - PUBLICATION, DISTRIBUTION, ETC. (IMPRINT)
Year of publication 2023
300 ## - PHYSICAL DESCRIPTION
Number of Pages 377
650 ## - SUBJECT ADDED ENTRY--TOPICAL TERM
Topical Term Physiotherapy
942 ## - ADDED ENTRY ELEMENTS (KOHA)
Koha item type Books
Holdings
Withdrawn status Lost status Permanent Location Current Location Shelving location Date acquired Source of acquisition Cost, normal purchase price Full call number Accession Number Koha item type
    Central Library New Campus PUMHS Nawabshah,(SBA) Central Library New Campus PUMHS Nawabshah,(SBA) Physiotherapy 2026-03-04 M/S New Noble Bill No: 101/ NNB , Date: 05/06/2025 558.00 615.82 PET 41138 Ref Books
    Central Library New Campus PUMHS Nawabshah,(SBA) Central Library New Campus PUMHS Nawabshah,(SBA) Physiotherapy 2026-03-04 M/S New Noble Bill No: 101/ NNB , Date: 05/06/2025 558.00 615.82 PET 41139 Ref Books

Copyright © 2018,The PUMHSW, Nawabshah, Shaheed Benazirabad. All rights reserved
Mr. Abdul Sattar Mahar (Chief Librarian) PUMHSW, Nawabshah, Sindh, Pakistan 67480.
Ph#: | 0244-9370425 Ext. 2241 Email| librarian@pumhs.edu.pk Web| http://www.pumhs.edu.pk
سنڌي ڪي بورڊ